Statistieken voor Vlaggen van Europa

Klik hier om de quiz te nemen!

Algemene statistieken

  • Deze quiz is 1.378 keer genomen
  • De gemiddelde score is 36 van 45

Antwoordstatistieken

Antwoord% Correct
Duitsland
99%
Verenigd Koninkrijk
98%
Spanje
98%
Zweden
97%
Frankrijk
97%
Nederland
97%
Italië
96%
Portugal
96%
Griekenland
96%
Finland
96%
Noorwegen
95%
België
94%
Luxemburg
92%
Zwitserland
91%
Ierland
90%
Rusland
90%
Polen
88%
Denemarken
87%
IJsland
86%
Oostenrijk
84%
Albanië
82%
Kroatië
81%
Hongarije
81%
Noord-Macedonië
81%
Tsjechië
79%
Oekraïne
79%
Roemenië
79%
Estland
78%
Bulgarije
78%
Malta
78%
Vaticaanstad
74%
San Marino
72%
Letland
71%
Bosnië en Herzegovina
68%
Slowakije
68%
Monaco
67%
Servië
66%
Slovenië
66%
Wit-Rusland
66%
Kosovo
65%
Litouwen
63%
Andorra
58%
Moldavië
58%
Liechtenstein
57%
Montenegro
57%

Scoreverdeling

Percentiel versus Aantal Correcte Antwoorden

Procent van Mensen met Elke Score

Uw Scoregeschiedenis

U heeft deze quiz nog niet genomen